00409nam a2200157Ia 4500001000500000005001700005008004100022041000800063082001500071100003900086245007300125260000900198300002800207650000800235654000800243895220260306160647.0260306t2015||||xx |||||||||||||| ||spa|| aESP a372.1bA72 aAriso Salgado, José MaríaeAUT 0aLa convivencia escolar:bmanual para maestros de infantil y primaria c2015 a189 páginas :c24 cm. aGEN aCED